| 000 | 00385 a2200133 4500 | ||
|---|---|---|---|
| 003 | Nust | ||
| 005 | 20170207171602.0 | ||
| 040 | _cNust | ||
| 082 | _a799 | ||
| 245 |
_a12-Doctoral Thesis Defence-NS Rabia Latif,Photographs-2016 _cMCS |
||
| 260 |
_aRawalpindi _bMCS _c21-01-2016 |
||
| 650 | _a12-Doctoral Thesis Defence-NS Rabia Latif,Photographs-2016, DVD-No 01 Vol-I | ||
| 651 | _aSweet Memories-MCS | ||
| 942 | _cBK | ||
| 999 |
_c217524 _d217524 |
||